000
00276nam a22001337a 4500
008
170607b xxu||||| |||| 00| 0 eng d
020
_a
t 6534
041
_a
eng
080
_a
32
100
_a
18
101
_a
SHP
245
_a
THE PRESIDENTS
_c
SIBERT,J.S
942
_2
udc
_c
BK
999
_c
16251
_d
16251